La expropiación en el derecho mexicano (Record no. 34976)

MARC details
000 -LEADER
campo de control de longitud fija 00457nam a2200145 i 4500
001 - NÚMERO DE CONTROL
campo de control 34976
003 - IDENTIFICADOR DE NÚMERO DE CONTROL
campo de control ES-MaACL
007 - CAMPO FIJO DE DESCRIPCIÓN FÍSICA--INFORMACIÓN GENERAL
campo de control de longitud fija t|
008 - DATOS DE LONGITUD FIJA--INFORMACIÓN GENERAL
campo de control de longitud fija 030211s1941 mx ||||1| spa d
100 1# - ENTRADA PRINCIPAL--NOMBRE DE PERSONA
Nombre de persona Botella Asensi, Juan.
9 (RLIN) 30753
245 13 - MENCIÓN DEL TÍTULO
Título La expropiación en el derecho mexicano
Resto del título : el paso del petróleo /
Mención de responsabilidad, etc. Juan Botella Asensi.
260 ## - PUBLICACIÓN, DISTRIBUCIÓN, ETC.
Lugar de publicación, distribución, etc. México :
Nombre del editor, distribuidor, etc. Moderna,
Fecha de publicación, distribución, etc. 1941 (
Fabricante Gráfs. A. Serdán)
300 ## - DESCRIPCIÓN FÍSICA
Extensión 216 p. ;
Dimensiones 23 cm.
852 ## - LOCALIZACIÓN
Ubicación ES-MaACL
Número de control de estantería E-1812
Sublocalización o colección R.22786
Holdings
Estatus retirado Estado de pérdida Estado de daño No para préstamo Biblioteca de origen Biblioteca actual Ubicación en estantería Fecha de adquisición Fuente de adquisición Total de préstamos Signatura topográfica completa Código de barras Visto por última vez Precio de reemplazo Tipo de ítem Koha
        Biblioteca del Ateneo de Madrid Biblioteca del Ateneo de Madrid Depósito 2 17/01/2008     E-1812 1036539 23/02/2023 23/02/2023 Libro impreso